Serie A 2018-19 Top Scorers - Statistics

General Stats
  • This quiz has been taken 31 times
  • The average score is 14 of 17
Answer Stats
Ranking Goals Scored Nationality Club Name % Correct
4 21 Juventus Cristiano Ronaldo
100%
16 Napoli Dries Mertens
96%
5 17 Napoli Arkadiusz Milik
92%
15 Lazio Ciro Immobile
92%
2 23 Atalanta Duván Zapata
92%
8 12 Atalanta Josip Ilicic
92%
11 Inter Mauro Icardi
92%
1 26 Sampdoria Fabio Quagliarella
88%
3 22 Genoa / Milan Krzysztof Piatek
88%
7 15 Torino Andrea Belotti
84%
9 11 Parma Gervinho
80%
10 10 Fiorentina Federico Chiesa
72%
6 16 SPAL Andrea Petagna
68%
16 Cagliari Leonardo Pavoletti
60%
16 Empoli Francesco Caputo
56%
11 Sampdoria Grégoire Defrel
56%
11 Roma Stephan El Shaarawy
52%
No matching quizzes found
Score Distribution
Percent of People with Each Score
Percentile by Number Answered
Your Score History
You have not taken this quiz